000 00959nac a22002777a 4500
001 BR0704636
003 BR-BrBNA
005 20240105123452.0
008 230509b bl.|||m| |||| 00| 0 por d
040 _aBR-BrBNA
_bpor
_cBiblioteca Nacional de Agricultura
072 _aH10; H20
090 _a0311 BR0704636
100 1 _aBondar, G.
110 1 _aInstituto Central de Fomento Econômico da Bahia, Salvador (Brasil)
_95956
245 1 _aInsetos nocivos e moléstias do coqueiro (Cocos nucifera)no Brasil
260 3 _aSalvador, BA (Brasil):
_c1939.
300 _a160 p
490 _aBoletim - Instituto Central de Fomento Econômico da Bahia (Brazil)
_vno. 8
_x
500 _aBibliography p. 153-156 (50 ref.); Documento microfilmado e tratado BR7315006
650 _aCOCO
650 _aCOCOS NUCIFERA
650 _aDOENÇA DE PLANTA
650 _aPRAGA DE PLANTA
909 _a202312
_bLúcia Elande
_c55
_dLúcia Elande
942 _2AGRIS
_n0
_cMS
999 _c295598
_d295598